Standard form of building contract: fluctuation formulae examples, dated May, 1975 [Adjustment of the contract sum by means of formulae. (J.C.T. Practice note 18)] (Record no. 97609)

MARC details
000 -LEADER
fixed length control field 00642cam a2200205 4500
001 - CONTROL NUMBER
control field D6213
008 - FIXED-LENGTH DATA ELEMENTS--GENERAL INFORMATION
fixed length control field 090401t1975 xxu||||| |||| 00| 0 eng d
035 ## - SYSTEM CONTROL NUMBER
System control number (Sirsi) u91111
041 ## - LANGUAGE CODE
Language code of text/sound track or separate title eng
050 ## - LIBRARY OF CONGRESS CALL NUMBER
Classification number 692.80212
110 ## - MAIN ENTRY--CORPORATE NAME
Corporate name or jurisdiction name as entry element Joint Contracts Tribunal
9 (RLIN) 3664
245 ## - TITLE STATEMENT
Title Standard form of building contract: fluctuation formulae examples, dated May, 1975 [Adjustment of the contract sum by means of formulae. (J.C.T. Practice note 18)]
260 ## - PUBLICATION, DISTRIBUTION, ETC.
Place of publication, distribution, etc. London
Name of publisher, distributor, etc. RIBA Publications
Date of publication, distribution, etc. 1975
300 ## - PHYSICAL DESCRIPTION
Extent 80p. 30cm
350 ## - PRICE (NR) (BK AM CF MU VM SE) [OBSOLETE]
Price 0
490 ## - SERIES STATEMENT
Series statement JCT Practice Note
Volume/sequential designation 18
520 ## - SUMMARY, ETC.
Summary, etc. Filed at JCT 1975/5A
942 ## - ADDED ENTRY ELEMENTS (KOHA)
Suppress in OPAC 0
948 ## - LOCAL PROCESSING INFORMATION (OCLC); SERIES PART DESIGNATOR (RLIN)
c (OCLC) 04/03/1997
Holdings
Withdrawn status Lost status Source of classification or shelving scheme Damaged status Not for loan Home library Current library Shelving location Date acquired Total Checkouts Full call number Barcode Date last seen Copy number Price effective from Koha item type
    Other/Generic Classification Scheme     London London Gallery 14/09/1999   JCT 1975/5 30016222 06/08/2019 1 06/08/2019 Book